[Event "Figueira da Foz op 17th"]
[Site "Figueira da Foz"]
[Date "2023.11.08"]
[Round "5"]
[White "Mehar, Chinna Reddy CH"]
[Black "Lalith, Babu MR"]
[Result "1/2-1/2"]
[WhiteElo "2366"]
[BlackElo "2533"]
[PlyCount "36"]
[EventDate "2023.11.05"]
[EventType "swiss"]
[EventRounds "9"]
[EventCountry "POR"]
[SourceTitle "CB46_2023"]
[SourceDate "2023.11.15"]
[SourceVersion "1"]
[SourceVersionDate "2023.11.15"]
[SourceQuality "1"]

1. d4 Nf6 2. Nf3 d5 3. Bf4 c5 4. e3 Nc6 5. Nbd2 Bg4 6. h3 Bxf3 7. Nxf3 e6 8. Be2 Bd6 9. dxc5 Bxf4 10. exf4 Qa5+ 11. c3 Qxc5 12. 0-0 0-0 13. Bd3 Rfd8 14. Re1 b5 15. Qe2 b4 16. Rac1 bxc3 17. Rxc3 Qd6 18. Ne5 Rac8 1/2-1/2

[Event "Figueira da Foz op 17th"]
[Site "Figueira da Foz"]
[Date "2023.11.05"]
[Round "1"]
[White "Do Santos Julio, Joao Manuel"]
[Black "Lalith, Babu MR"]
[Result "0-1"]
[WhiteElo "1973"]
[BlackElo "2533"]
[PlyCount "66"]
[EventDate "2023.11.05"]
[EventType "swiss"]
[EventRounds "9"]
[EventCountry "POR"]
[SourceTitle "CB46_2023"]
[SourceDate "2023.11.15"]
[SourceVersion "1"]
[SourceVersionDate "2023.11.15"]
[SourceQuality "1"]

1. e4 e5 2. Bc4 Nf6 3. d3 c6 4. Nf3 d5 5. exd5 cxd5 6. Bb5+ Bd7 7. Bxd7+ Nbxd7 8. 0-0 Bd6 9. Nc3 0-0 10. Re1 Qb6 11. h3 Rac8 12. Ne2 Rfe8 13. c3 e4 14. Nfd4 Nc5 15. dxe4 dxe4 16. Rf1 Nd3 17. b3 Bb8 18. Nf5 Qc5 19. Nfg3 Bxg3 20. Nxg3 Qxc3 21. Bg5 Rc6 22. Qe2 Qe5 23. Bxf6 Rxf6 24. Rad1 Nxf2 25. Nh5 Nxd1 26. Nxf6+ gxf6 27. Qxd1 e3 28. Qf3 e2 29. Re1 Qd4+ 30. Kh2 Re3 31. Qxb7 Qe5+ 32. Kg1 Qc3 33. Kf2 Qd4 0-1

[Event "Commonwealth-ch"]
[Site "Waskaduwa"]
[Date "2022.11.22"]
[Round "9"]
[White "Vignesh, NR."]
[Black "Lalith, Babu MR"]
[Result "1-0"]
[WhiteElo "2486"]
[BlackElo "2550"]
[PlyCount "59"]
[EventDate "2022.11.14"]
[EventType "swiss"]
[EventRounds "9"]
[EventCountry "SRI"]
[SourceTitle "CBM 211 Extra"]
[Source "ChessBase"]
[SourceDate "2023.01.31"]
[SourceVersion "1"]
[SourceVersionDate "2023.01.31"]
[SourceQuality "1"]

1. e4 e5 2. Nf3 Nc6 3. Bb5 a6 4. Ba4 Nf6 5. 0-0 d6 6. Re1 Bd7 7. c3 g6 8. d4 Bg7 9. h3 0-0 10. Nbd2 b5 11. Bc2 a5 12. Nf1 a4 13. Bd3 Qb8 14. a3 Re8 15. Ng3 Na5 16. Be3 Be6 17. Nd2 Nc4 18. Bxc4 bxc4 19. d5 Bc8 20. Nxc4 Qb5 21. Nd2 Qxb2 22. c4 Qc3 23. c5 dxc5 24. Qc1 Qd3 25. Bxc5 c6 26. Nc4 cxd5 27. exd5 Bh6 28. Qxh6 Qxc4 29. Rxe5 Bxh3 30. Rc1 1-0

[Event "Commonwealth-ch"]
[Site "Waskaduwa"]
[Date "2022.11.17"]
[Round "4"]
[White "Deepan Chakkravarthy, J."]
[Black "Lalith, Babu MR"]
[Result "1/2-1/2"]
[WhiteElo "2461"]
[BlackElo "2550"]
[PlyCount "48"]
[EventDate "2022.11.14"]
[EventType "swiss"]
[EventRounds "9"]
[EventCountry "SRI"]
[SourceTitle "CBM 211 Extra"]
[Source "ChessBase"]
[SourceDate "2023.01.31"]
[SourceVersion "1"]
[SourceVersionDate "2023.01.31"]
[SourceQuality "1"]

1. c4 c5 2. Nc3 Nc6 3. g3 g6 4. Bg2 Bg7 5. d3 d6 6. Nf3 Bg4 7. Rb1 Qd7 8. h3 Bxf3 9. Bxf3 e6 10. Bg2 Nf6 11. 0-0 0-0 12. a3 d5 13. b4 cxb4 14. axb4 Rfc8 15. Bg5 Rab8 16. Qa4 Nd4 17. Qa2 Ne8 18. Rfc1 Nd6 19. cxd5 Rxc3 20. Rxc3 Nxe2+ 21. Qxe2 Bxc3 22. dxe6 Qxe6 23. Qxe6 fxe6 24. b5 Bd4 1/2-1/2

[Event "Chiang Mai op 20th"]
[Site "Chiangmai"]
[Date "2022.10.30"]
[Round "9.4"]
[White "Lalith, Babu MR"]
[Black "Ferriol, Gerald"]
[Result "1-0"]
[WhiteElo "2550"]
[BlackElo "2070"]
[PlyCount "63"]
[EventDate "2022.10.22"]
[EventType "swiss"]
[EventRounds "9"]
[EventCountry "THA"]
[SourceTitle "EXT 2024"]
[Source "ChessBase"]
[SourceDate "2023.10.10"]
[SourceVersion "1"]
[SourceVersionDate "2023.10.10"]
[SourceQuality "1"]

1. d4 Nf6 2. c4 e6 3. Nf3 d5 4. Nc3 c6 5. Bg5 dxc4 6. e4 b5 7. e5 h6 8. Bh4 g5 9. Nxg5 hxg5 10. Bxg5 Nbd7 11. exf6 Bb7 12. h4 Qb6 13. Qc2 0-0-0 14. 0-0-0 Qa5 15. Kb1 Nb6 16. Be2 Nd5 17. Nxd5 cxd5 18. h5 Kb8 19. h6 Ka8 20. Bf4 Rc8 21. Rh3 b4 22. h7 Qb5 23. Rg3 Qb6 24. Rg8 Bd6 25. Rxc8+ Bxc8 26. Bh6 b3 27. axb3 cxb3 28. Qd3 Bd7 29. Bg7 Qa5 30. g3 Rc8 31. Qa6 Qc7 32. Bd3 1-0

[Event "Chiang Mai op 20th"]
[Site "Chiangmai"]
[Date "2022.10.29"]
[Round "8.4"]
[White "Nasuta, Grzegorz"]
[Black "Lalith, Babu MR"]
[Result "1/2-1/2"]
[WhiteElo "2542"]
[BlackElo "2550"]
[PlyCount "38"]
[EventDate "2022.10.22"]
[EventType "swiss"]
[EventRounds "9"]
[EventCountry "THA"]
[SourceTitle "EXT 2024"]
[Source "ChessBase"]
[SourceDate "2023.10.10"]
[SourceVersion "1"]
[SourceVersionDate "2023.10.10"]
[SourceQuality "1"]

1. e4 e5 2. Nf3 Nc6 3. Nc3 Nf6 4. Bb5 Bd6 5. a3 a6 6. Bc4 Bc5 7. d3 h6 8. Be3 d6 9. Bxc5 dxc5 10. Ne2 Qd6 11. Ng3 Be6 12. Bxe6 Qxe6 13. 0-0 0-0 14. Qe2 Rad8 15. h3 Kh7 16. Rad1 Rd7 17. Rd2 b6 18. c3 a5 19. Rfd1 Re8 1/2-1/2

[Event "Trieste op 24th"]
[Site "Trieste"]
[Date "2022.09.09"]
[Round "9"]
[White "Samunenkov, Igor"]
[Black "Lalith, Babu MR"]
[Result "1/2-1/2"]
[WhiteElo "2469"]
[BlackElo "2552"]
[PlyCount "61"]
[EventDate "2022.09.03"]
[EventType "swiss"]
[EventRounds "9"]
[EventCountry "ITA"]
[SourceTitle "CBM 210 Extra"]
[Source "ChessBase"]
[SourceDate "2022.11.30"]
[SourceVersion "1"]
[SourceVersionDate "2022.11.30"]
[SourceQuality "1"]

1. e4 e5 2. Nf3 Nc6 3. Bb5 a6 4. Ba4 Nf6 5. Nc3 b5 6. Bb3 Bc5 7. 0-0 d6 8. Nd5 h6 9. c3 Rb8 10. d4 Ba7 11. a4 b4 12. dxe5 dxe5 13. Nxb4 Qxd1 14. Bxd1 Nxb4 15. cxb4 Rxb4 16. Nxe5 Rxe4 17. Nc6 Bc5 18. Bf3 Re6 19. b4 Bd7 20. b5 0-0 21. Bf4 axb5 22. axb5 Bb6 23. h4 Ne4 24. Rac1 f5 25. Rc2 g5 26. hxg5 hxg5 27. Bxe4 Rxe4 28. Bxg5 f4 29. Ne7+ Kg7 30. Nd5 Bxb5 31. Rfc1 1/2-1/2